[Event "Tradewise Gibraltar Masters 14th"]
[Site "Gibraltar"]
[Date "2016.01.30"]
[Round "5.83"]
[White "Amos, Frank"]
[Black "Martinez Martin, David"]
[Result "0-1"]
[WhiteElo "2118"]
[BlackElo "2407"]
[PlyCount "105"]
[EventDate "2016.01.26"]
[EventType "swiss"]
[EventRounds "10"]
[EventCountry "GGB"]
[Source "www.saund.co.uk"]
[SourceDate "2005.02.07"]

1. e4 g6 2. Nc3 Bg7 3. f4 c5 4. Nf3 Nc6 5. Bc4 e6 6. e5 d5 7. exd6 Qxd6 8. Ne4
Qe7 9. d3 Nf6 10. O-O O-O 11. Rb1 Na5 12. Nxf6+ Bxf6 13. Ne5 Nxc4 14. dxc4 b6
15. Be3 Qc7 16. Qf3 Bb7 17. Qg3 Be4 18. Rbc1 Rad8 19. Rfe1 Bf5 20. c3 Bg7 21.
Qf2 f6 22. Nf3 Rd7 23. b4 Rc8 24. bxc5 bxc5 25. Red1 Bd3 26. Ne1 Bxc4 27. Rxd7
Qxd7 28. Bxc5 a6 29. Nf3 Qd5 30. Bb4 a5 31. Ba3 Bxa2 32. Qb6 e5 33. fxe5 fxe5
34. Qe3 a4 35. Ng5 Qc6 36. Nf3 e4 37. Nd4 Qd5 38. Rd1 Bc4 39. Bb4 Bd3 40. Ra1
Ra8 41. Ra3 Rb8 42. Ne2 Qc4 43. Kf2 Bc2 44. Bd6 Qf7+ 45. Qf4 Qxf4+ 46. Nxf4 Rd8
47. Bc5 Bb3 48. Ne2 Rd2 49. Ke1 Rd1+ 50. Kf2 Bh6 51. Nd4 e3+ 52. Kg3 Rf1 53.
Nf3 0-1

[Event "Tradewise Gibraltar Masters 14th"]
[Site "Gibraltar"]
[Date "2016.01.30"]
[Round "5.84"]
[White "Havik, Victor"]
[Black "Lazarne Vajda, Szidonia"]
[Result "1/2-1/2"]
[WhiteElo "2092"]
[BlackElo "2359"]
[PlyCount "66"]
[EventDate "2016.01.26"]
[EventType "swiss"]
[EventRounds "10"]
[EventCountry "GGB"]
[Source "www.saund.co.uk"]
[SourceDate "2005.02.07"]

1. d4 Nf6 2. c4 e6 3. Nc3 Bb4 4. e3 O-O 5. Bd3 d5 6. Nf3 c5 7. O-O cxd4 8. exd4
dxc4 9. Bxc4 b6 10. Qe2 Bb7 11. Bg5 h6 12. Bh4 Nbd7 13. Rfd1 Bxc3 14. bxc3 Rc8
15. Rac1 Qc7 16. Bb3 Qf4 17. Bg3 Qg4 18. Rd3 Ne4 19. Re3 Ndf6 20. Qd3 Nxg3 21.
hxg3 Bxf3 22. gxf3 Qg5 23. Rd1 Nd5 24. Re5 Rxc3 25. Rxg5 Rxd3 26. Rxg7+ Kxg7
27. Rxd3 Rd8 28. f4 Kf6 29. Kg2 b5 30. Bxd5 Rxd5 31. Ra3 Rxd4 32. Rxa7 Rd2 33.
Rb7 Rxa2 1/2-1/2

[Event "Tradewise Gibraltar Masters 14th"]
[Site "Gibraltar"]
[Date "2016.01.30"]
[Round "5.85"]
[White "Foisor, Cristina Adela"]
[Black "Osuna Vega, Enrique"]
[Result "1-0"]
[WhiteElo "2338"]
[BlackElo "2127"]
[PlyCount "49"]
[EventDate "2016.01.26"]
[EventType "swiss"]
[EventRounds "10"]
[EventCountry "GGB"]
[Source "www.saund.co.uk"]
[SourceDate "2005.02.07"]

1. d4 Nf6 2. c4 g6 3. Nc3 d5 4. cxd5 Nxd5 5. Bd2 Nf6 6. Bg5 Bg7 7. e4 h6 8. Bh4
c6 9. Nf3 Nh5 10. Qd2 Bg4 11. O-O-O g5 12. Bg3 Nxg3 13. hxg3 b5 14. Be2 a6 15.
Ne5 Bxe5 16. Bxg4 Bg7 17. e5 O-O 18. f4 e6 19. Ne4 gxf4 20. gxf4 Nd7 21. Qd3
Qe7 22. Ng5 Rfb8 23. Rxh6 Nf8 24. Rh3 Ng6 25. Bxe6 1-0

[Event "Tradewise Gibraltar Masters 14th"]
[Site "Gibraltar"]
[Date "2016.01.30"]
[Round "5.86"]
[White "Zwahr, Paul"]
[Black "Weeramantry, Sunil"]
[Result "1-0"]
[WhiteElo "2333"]
[BlackElo "2099"]
[PlyCount "97"]
[EventDate "2016.01.26"]
[EventType "swiss"]
[EventRounds "10"]
[EventCountry "GGB"]
[Source "www.saund.co.uk"]
[SourceDate "2005.02.07"]

1. e4 c5 2. Nf3 Nc6 3. d4 cxd4 4. Nxd4 e5 5. Nb5 a6 6. Nd6+ Bxd6 7. Qxd6 Qf6 8.
Qxf6 Nxf6 9. Nc3 d5 10. exd5 Nb4 11. Bd3 Nxd3+ 12. cxd3 Bf5 13. Ke2 h6 14. Rd1
O-O-O 15. d4 e4 16. Bf4 Rhe8 17. Rac1 Kd7 18. h3 Ke7 19. d6+ Kf8 20. d5 g5 21.
Be3 Kg8 22. Bc5 Nd7 23. Ba3 Ne5 24. Na4 Bd7 25. Nb6 Bb5+ 26. Ke3 f5 27. g3 f4+
28. gxf4 gxf4+ 29. Kxf4 Nd3+ 30. Ke3 Nxc1 31. Rxc1 Rf8 32. Bc5 Rde8 33. d7 Rf3+
34. Kd2 Rd3+ 35. Ke1 Bxd7 36. Nxd7 Rd8 37. Nb6 Kf7 38. Be3 Kf6 39. Rc7 Rg8 40.
Nd7+ Kf5 41. Nb6 Rg1+ 42. Ke2 Rb1 43. Rc2 Rh1 44. Bxh6 Rhxh3 45. Bf8 Rdf3 46.
Bc5 Kf4 47. d6 Rd3 48. d7 Rh1 49. Rd2 1-0

[Event "Tradewise Gibraltar Masters 14th"]
[Site "Gibraltar"]
[Date "2016.01.30"]
[Round "5.87"]
[White "Lombaers, Peter"]
[Black "Pabalan, Rocky"]
[Result "1-0"]
[WhiteElo "2328"]
[BlackElo "2089"]
[PlyCount "41"]
[EventDate "2016.01.26"]
[EventType "swiss"]
[EventRounds "10"]
[EventCountry "GGB"]
[Source "www.saund.co.uk"]
[SourceDate "2005.02.07"]

1. d4 Nf6 2. c4 e6 3. Nc3 Bb4 4. e3 b6 5. Nge2 Bb7 6. a3 Bxc3+ 7. Nxc3 O-O 8.
Bd3 Bxg2 9. Rg1 Bb7 10. e4 Ne8 11. Qh5 g6 12. Be3 Ng7 13. Qh6 d6 14. Rg3 f5 15.
Rh3 Nh5 16. O-O-O Qe7 17. Rg1 Nf6 18. exf5 exf5 19. Bxf5 Qg7 20. Be6+ Kh8 21.
Qxg7+ 1-0

[Event "Tradewise Gibraltar Masters 14th"]
[Site "Gibraltar"]
[Date "2016.01.30"]
[Round "5.88"]
[White "Goriatchkin, Jouri"]
[Black "Kozarcanin, Sead"]
[Result "1-0"]
[WhiteElo "2300"]
[BlackElo "2073"]
[PlyCount "57"]
[EventDate "2016.01.26"]
[EventType "swiss"]
[EventRounds "10"]
[EventCountry "GGB"]
[Source "www.saund.co.uk"]
[SourceDate "2005.02.07"]

1. d4 d5 2. c4 e6 3. Nf3 Nf6 4. g3 Be7 5. Bg2 O-O 6. O-O Nbd7 7. Nbd2 c5 8.
cxd5 exd5 9. dxc5 Nxc5 10. b3 Be6 11. Bb2 Rc8 12. Nd4 Qb6 13. Nxe6 fxe6 14. Bd4
a6 15. a3 Qd8 16. b4 Ncd7 17. Qb3 Kh8 18. f4 Bd6 19. e4 e5 20. Bf2 exf4 21.
exd5 fxg3 22. Bxg3 Bxg3 23. Qxg3 Nb6 24. d6 Rb8 25. Rae1 Nc8 26. Re6 Re8 27.
Rfxf6 gxf6 28. Rxe8+ Qxe8 29. d7 1-0

[Event "Tradewise Gibraltar Masters 14th"]
[Site "Gibraltar"]
[Date "2016.01.30"]
[Round "5.89"]
[White "Piasetski, Leon"]
[Black "Dasaolu, Rotimi"]
[Result "1-0"]
[WhiteElo "2277"]
[BlackElo "2060"]
[PlyCount "77"]
[EventDate "2016.01.26"]
[EventType "swiss"]
[EventRounds "10"]
[EventCountry "GGB"]
[Source "www.saund.co.uk"]
[SourceDate "2005.02.07"]

1. Nf3 d6 2. d4 Bg4 3. e4 Nf6 4. h3 Bh5 5. Nc3 c6 6. Qe2 Bxf3 7. Qxf3 e5 8. Be3
Nbd7 9. O-O-O Qe7 10. g4 g6 11. g5 Nh5 12. dxe5 dxe5 13. Bc4 Nb6 14. Bb3 Bg7
15. Rd2 O-O 16. Rhd1 Nf4 17. a4 Qb4 18. Na2 Qa5 19. Rd6 Nxa4 20. Bd2 Qa6 21.
Bb4 Ne2+ 22. Kb1 Nd4 23. R6xd4 exd4 24. Bxf8 Rxf8 25. Nb4 Qa5 26. Nd3 Nc5 27.
Nxc5 Qxc5 28. h4 b5 29. Qg3 a5 30. f4 a4 31. Ba2 Re8 32. e5 Bf8 33. h5 Qb4 34.
hxg6 hxg6 35. Qd3 Kg7 36. Rh1 a3 37. Bb3 a2+ 38. Ka1 Re7 39. Qh3 1-0

[Event "Tradewise Gibraltar Masters 14th"]
[Site "Gibraltar"]
[Date "2016.01.30"]
[Round "5.90"]
[White "Nava Pereda, Carlos"]
[Black "Myall, Ivan J"]
[Result "1-0"]
[WhiteElo "2262"]
[BlackElo "2049"]
[PlyCount "129"]
[EventDate "2016.01.26"]
[EventType "swiss"]
[EventRounds "10"]
[EventCountry "GGB"]
[Source "www.saund.co.uk"]
[SourceDate "2005.02.07"]

1. Nf3 d5 2. g3 Nf6 3. Bg2 c6 4. O-O Bf5 5. d3 e6 6. Nbd2 h6 7. b3 Bc5 8. Bb2
O-O 9. c4 Qe7 10. a3 a5 11. Ra2 Nbd7 12. Qa1 Bh7 13. Ne5 Nxe5 14. Bxe5 Rfd8 15.
Nf3 Ne8 16. Bd4 Bxd4 17. Qxd4 dxc4 18. Qxc4 Nd6 19. Qc5 Nf5 20. Qc3 Qd6 21. Rc1
Nd4 22. Nxd4 Qxd4 23. Qd2 Qd6 24. Rc4 e5 25. Ra4 Qc7 26. b4 e4 27. d4 b6 28. e3
Qd7 29. Qc2 Qd5 30. bxa5 b5 31. Rb4 Rxa5 32. Ra1 f5 33. Bf1 Bg6 34. Be2 Bf7 35.
Qc3 Rda8 36. Bd1 Qd7 37. a4 Bc4 38. Rc1 Qd5 39. axb5 cxb5 40. Bb3 Bxb3 41. Qxb3
Qxb3 42. Rxb3 Ra1 43. Rxa1 Rxa1+ 44. Kg2 Ra5 45. g4 Kf7 46. gxf5 Kf6 47. Kg3
Kxf5 48. h4 g6 49. Rb2 Ke6 50. Kf4 Kd5 51. Rb4 h5 52. Rb1 Kc4 53. Kxe4 Kc3 54.
Rc1+ Kb4 55. d5 Ra2 56. f4 Rh2 57. Ke5 Kb3 58. Rb1+ Kc4 59. e4 b4 60. Rc1+ Kb3
61. Kd6 Rc2 62. Rb1+ Rb2 63. Re1 Rc2 64. e5 Ka2 65. e6 1-0

[Event "Tradewise Gibraltar Masters 14th"]
[Site "Gibraltar"]
[Date "2016.01.30"]
[Round "5.91"]
[White "Menna Barreto, Felipe Kubiaki"]
[Black "Korning, Peter"]
[Result "1-0"]
[WhiteElo "2247"]
[BlackElo "2015"]
[PlyCount "43"]
[EventDate "2016.01.26"]
[EventType "swiss"]
[EventRounds "10"]
[EventCountry "GGB"]
[Source "www.saund.co.uk"]
[SourceDate "2005.02.07"]

1. Nf3 d5 2. g3 c5 3. Bg2 Nc6 4. O-O Nf6 5. d3 e6 6. Nbd2 Be7 7. e4 b6 8. Re1
Bb7 9. c3 Qc7 10. a3 O-O-O 11. b4 c4 12. exd5 exd5 13. dxc4 dxc4 14. Qc2 Nd5
15. Nxc4 Bf6 16. Bd2 h5 17. Ne3 Nce7 18. Rac1 h4 19. Nxd5 Bxd5 20. c4 Be6 21.
Bf4 Bf5 22. Bxc7 1-0

[Event "Tradewise Gibraltar Masters 14th"]
[Site "Gibraltar"]
[Date "2016.01.30"]
[Round "5.92"]
[White "Nordquelle, Daniel"]
[Black "Mohota, Nisha"]
[Result "0-1"]
[WhiteElo "2102"]
[BlackElo "2245"]
[PlyCount "88"]
[EventDate "2016.01.26"]
[EventType "swiss"]
[EventRounds "10"]
[EventCountry "GGB"]
[Source "www.saund.co.uk"]
[SourceDate "2005.02.07"]

1. e4 e5 2. Nf3 Nc6 3. Bc4 Nf6 4. d3 Be7 5. O-O O-O 6. Re1 d6 7. d4 Bg4 8. c3
Bxf3 9. gxf3 Nh5 10. Kh1 Bg5 11. Be3 Qf6 12. Rg1 Bf4 13. Na3 Ne7 14. Nc2 Rad8
15. dxe5 dxe5 16. Qe2 Ng6 17. Rg4 Nh4 18. Rf1 c6 19. Nb4 Ng6 20. Nd3 b6 21. b4
Rd6 22. a4 Rc8 23. a5 b5 24. Bb3 Rcd8 25. Bc2 Bh6 26. Bxh6 gxh6 27. Qe3 Kh8 28.
Nc5 Rb8 29. a6 Ng7 30. Rd1 Rxd1+ 31. Bxd1 Rd8 32. Bb3 Nh4 33. Rg3 Nh5 34. Rh3
Qg5 35. Qxg5 hxg5 36. f4 Nxf4 37. Rg3 f6 38. Rg1 Rd2 39. Rd1 Rxf2 40. Kg1 Nh3+
41. Kh1 Nf3 42. Rd8+ Kg7 43. Ne6+ Kh6 44. Rf8 Rxh2# 0-1

[Event "Tradewise Gibraltar Masters 14th"]
[Site "Gibraltar"]
[Date "2016.01.30"]
[Round "5.93"]
[White "Saber, Yasser"]
[Black "Henrichsen, Jens"]
[Result "1-0"]
[WhiteElo "2230"]
[BlackElo "2012"]
[PlyCount "69"]
[EventDate "2016.01.26"]
[EventType "swiss"]
[EventRounds "10"]
[EventCountry "GGB"]
[Source "www.saund.co.uk"]
[SourceDate "2005.02.07"]

1. d4 Nf6 2. Nf3 e6 3. c4 b6 4. a3 Bb7 5. Nc3 g6 6. Qc2 Bg7 7. e4 d6 8. h3 O-O
9. Bg5 h6 10. Be3 Nbd7 11. Be2 e5 12. d5 a5 13. Nd2 Nc5 14. O-O Qe7 15. b4 axb4
16. axb4 Ncd7 17. Nb5 c6 18. Na7 c5 19. Nc6 Qe8 20. b5 Nh7 21. Bd3 Ndf6 22.
Rxa8 Bxa8 23. Ra1 Nh5 24. Ra6 Nf4 25. Bf1 f5 26. Rxb6 Bxc6 27. Rxc6 Qe7 28.
exf5 gxf5 29. Bxf4 exf4 30. Nf3 Ng5 31. Nxg5 hxg5 32. b6 Bd4 33. Rc7 Qd8 34.
Qe2 g4 35. Qe6+ 1-0

[Event "Tradewise Gibraltar Masters 14th"]
[Site "Gibraltar"]
[Date "2016.01.30"]
[Round "5.94"]
[White "Nebolsina, Vera"]
[Black "Skutta, Bernd"]
[Result "1-0"]
[WhiteElo "2208"]
[BlackElo "1966"]
[PlyCount "53"]
[EventDate "2016.01.26"]
[EventType "swiss"]
[EventRounds "10"]
[EventCountry "GGB"]
[Source "www.saund.co.uk"]
[SourceDate "2005.02.07"]

1. d4 f5 2. c4 e6 3. g3 Nf6 4. Bg2 d5 5. Nf3 c6 6. O-O Bd6 7. b3 Qe7 8. a4 O-O
9. Ba3 Bxa3 10. Rxa3 Bd7 11. c5 Be8 12. b4 Nbd7 13. b5 Ne4 14. Nbd2 e5 15. e3
Bh5 16. Qa1 Nxd2 17. Nxd2 e4 18. Rb1 Be2 19. Nb3 Bd3 20. Rb2 Rab8 21. Na5 Qf6
22. Rab3 Qe6 23. Qa2 cxb5 24. Rxd3 b6 25. axb5 bxa5 26. Ra3 f4 27. exf4 1-0

[Event "Tradewise Gibraltar Masters 14th"]
[Site "Gibraltar"]
[Date "2016.01.30"]
[Round "5.95"]
[White "Verneuil, Pascal"]
[Black "Kristinsson, Magnus"]
[Result "1-0"]
[WhiteElo "2205"]
[BlackElo "1776"]
[PlyCount "83"]
[EventDate "2016.01.26"]
[EventType "swiss"]
[EventRounds "10"]
[EventCountry "GGB"]
[Source "www.saund.co.uk"]
[SourceDate "2005.02.07"]

1. e4 c5 2. b3 Nc6 3. Bb2 d6 4. Bb5 Bd7 5. f4 e6 6. Nf3 Nf6 7. d3 Be7 8. O-O a6
9. Bxc6 Bxc6 10. Nbd2 Qc7 11. Qe2 O-O 12. c4 Rae8 13. e5 Nd7 14. Ne4 d5 15.
cxd5 Bxd5 16. Rac1 f5 17. Nc3 Bc6 18. Kh1 b5 19. Rfd1 Qb7 20. Ne1 g5 21. d4
cxd4 22. Rxd4 gxf4 23. Rc2 Nc5 24. Bc1 Kh8 25. Bxf4 Ne4 26. Nxe4 Bxe4 27. Rcd2
Rg8 28. Rd7 Qc6 29. Bg3 Bd5 30. Rxe7 Rxe7 31. Bh4 Rxg2 32. Nxg2 Rg7 33. Rxd5
Qxd5 34. Bf6 Qd4 35. h3 Kg8 36. Bxg7 Kxg7 37. Kh2 Kf8 38. Qe3 Qd5 39. Nf4 Qd7
40. Qd3 Qc8 41. Nh5 h6 42. Nf6 1-0

[Event "Tradewise Gibraltar Masters 14th"]
[Site "Gibraltar"]
[Date "2016.01.30"]
[Round "5.96"]
[White "Goncalves, Jose Antonio Silvei"]
[Black "Tate, Alan"]
[Result "0-1"]
[WhiteElo "1984"]
[BlackElo "2345"]
[PlyCount "60"]
[EventDate "2016.01.26"]
[EventType "swiss"]
[EventRounds "10"]
[EventCountry "GGB"]
[Source "www.saund.co.uk"]
[SourceDate "2005.02.07"]

1. d4 d5 2. c4 e6 3. Nc3 Nf6 4. Bg5 Be7 5. e3 O-O 6. Nf3 Nbd7 7. Rc1 Re8 8. Bd3
a6 9. c5 c6 10. b4 a5 11. a3 axb4 12. axb4 b6 13. Ra1 Rxa1 14. Qxa1 bxc5 15.
bxc5 e5 16. dxe5 Ng4 17. Bf4 Bxc5 18. O-O Ndxe5 19. Nxe5 Nxe5 20. Bc2 Bd6 21.
Rd1 Ng4 22. Nxd5 cxd5 23. Rxd5 Qh4 24. Bxh7+ Kxh7 25. Qb1+ Kg8 26. Bxd6 Qxf2+
27. Kh1 Nxe3 28. Rg5 Nd1 29. h3 Re1+ 30. Kh2 Ne3 0-1

[Event "Tradewise Gibraltar Masters 14th"]
[Site "Gibraltar"]
[Date "2016.01.30"]
[Round "5.97"]
[White "Biegel, Thomas"]
[Black "Mannion, Stephen R"]
[Result "0-1"]
[WhiteElo "2069"]
[BlackElo "2334"]
[PlyCount "70"]
[EventDate "2016.01.26"]
[EventType "swiss"]
[EventRounds "10"]
[EventCountry "GGB"]
[Source "www.saund.co.uk"]
[SourceDate "2005.02.07"]

1. Nf3 d5 2. g3 Nf6 3. Bg2 c6 4. O-O Bf5 5. d3 h6 6. c4 e6 7. b3 Be7 8. Bb2 O-O
9. Nbd2 Nbd7 10. a3 a5 11. Ra2 Bh7 12. Qa1 Re8 13. Ne5 Nxe5 14. Bxe5 Bd6 15.
Nf3 Bxe5 16. Nxe5 Qd6 17. d4 Red8 18. c5 Qc7 19. Rc1 Ne8 20. f4 Nf6 21. e3 Ne4
22. Nf3 Re8 23. Nd2 Nxd2 24. Rxd2 f6 25. Rdd1 e5 26. Re1 Re7 27. Qc3 Rae8 28.
Bh3 Be4 29. Bg2 exd4 30. exd4 Bxg2 31. Kxg2 Re2+ 32. Rxe2 Rxe2+ 33. Kf3 Qe7 34.
h4 Qe4+ 35. Kg4 h5+ 0-1

[Event "Tradewise Gibraltar Masters 14th"]
[Site "Gibraltar"]
[Date "2016.01.30"]
[Round "5.98"]
[White "Hamer, Martyn"]
[Black "Kharous, Ernest"]
[Result "0-1"]
[WhiteElo "2058"]
[BlackElo "2314"]
[PlyCount "40"]
[EventDate "2016.01.26"]
[EventType "swiss"]
[EventRounds "10"]
[EventCountry "GGB"]
[Source "www.saund.co.uk"]
[SourceDate "2005.02.07"]

1. Nf3 d6 2. d4 g6 3. c4 Bg7 4. g3 f5 5. Bg2 Nf6 6. O-O O-O 7. Nc3 c6 8. b4 d5
9. c5 Ne4 10. Bb2 Be6 11. Ne1 Nd7 12. e3 b6 13. Nd3 Rb8 14. f3 bxc5 15. fxe4
cxd4 16. Na4 dxe4 17. Ndc5 Nxc5 18. Nxc5 Bc4 19. exd4 Rxb4 20. Qd2 Rxb2 0-1

[Event "Tradewise Gibraltar Masters 14th"]
[Site "Gibraltar"]
[Date "2016.01.30"]
[Round "5.99"]
[White "Henderson De La Fuente, Lance"]
[Black "Berrocal Ruiz, Valentin"]
[Result "1-0"]
[WhiteElo "2270"]
[BlackElo "2040"]
[PlyCount "61"]
[EventDate "2016.01.26"]
[EventType "swiss"]
[EventRounds "10"]
[EventCountry "GGB"]
[Source "www.saund.co.uk"]
[SourceDate "2005.02.07"]

1. e4 c5 2. Nf3 d6 3. d4 cxd4 4. Nxd4 Nf6 5. Nc3 a6 6. h3 e5 7. Nde2 h5 8. g3
Nbd7 9. Bg2 b5 10. Nd5 Nxd5 11. exd5 Be7 12. O-O h4 13. g4 Bb7 14. f4 Qb6+ 15.
Kh1 O-O 16. f5 Qd8 17. Nc3 Nb6 18. a3 Rc8 19. Qd3 Rc4 20. Be3 Bg5 21. Bxg5 Qxg5
22. Ne4 Rxe4 23. Bxe4 Rc8 24. b3 Rc5 25. Rad1 Nxd5 26. c4 bxc4 27. bxc4 Nf4 28.
Rxf4 Qxf4 29. Bxb7 Rxc4 30. Qxd6 Rc2 31. Qd8+ 1-0

[Event "Tradewise Gibraltar Masters 14th"]
[Site "Gibraltar"]
[Date "2016.01.30"]
[Round "5.100"]
[White "Vilarnovo Caamano, Jose"]
[Black "Ajele, Rotimi"]
[Result "1/2-1/2"]
[WhiteElo "2043"]
[BlackElo "2163"]
[PlyCount "62"]
[EventDate "2016.01.26"]
[EventType "swiss"]
[EventRounds "10"]
[EventCountry "GGB"]
[Source "www.saund.co.uk"]
[SourceDate "2005.02.07"]

1. e4 e5 2. Nf3 Nf6 3. Nxe5 d6 4. Nf3 Nxe4 5. c4 Be7 6. Nc3 Nxc3 7. bxc3 O-O 8.
d4 Re8 9. Be3 c5 10. Bd3 Qa5 11. Qd2 Bf6 12. Rb1 a6 13. O-O cxd4 14. cxd4 Qxd2
15. Nxd2 Nc6 16. Ne4 Be7 17. Rfe1 Rb8 18. Nc3 Bd7 19. Nd5 Bd8 20. Re2 Na5 21.
Bf4 Rxe2 22. Bxe2 Rc8 23. Rb4 Be6 24. Bxd6 b5 25. Bc5 bxc4 26. Nc3 Bf6 27. Bf3
Bd8 28. Kf1 Bf5 29. Ke1 Bf6 30. Kd1 h6 31. Rb6 Rd8 1/2-1/2

[Event "Tradewise Gibraltar Masters 14th"]
[Site "Gibraltar"]
[Date "2016.01.30"]
[Round "5.101"]
[White "Lindqvist, Roland"]
[Black "Blodig, Reinhard"]
[Result "0-1"]
[WhiteElo "2018"]
[BlackElo "2158"]
[PlyCount "124"]
[EventDate "2016.01.26"]
[EventType "swiss"]
[EventRounds "10"]
[EventCountry "GGB"]
[Source "www.saund.co.uk"]
[SourceDate "2005.02.07"]

1. e4 d6 2. d4 g6 3. c4 Bg7 4. Nc3 c5 5. dxc5 Bxc3+ 6. bxc3 dxc5 7. Qxd8+ Kxd8
8. Nf3 Nc6 9. Be3 b6 10. Nd2 Nf6 11. h3 e5 12. Be2 Nd7 13. g3 Kc7 14. f4 Bb7
15. O-O f6 16. h4 Rae8 17. Bg4 Re7 18. f5 Rg8 19. Kh2 h5 20. Bh3 Na5 21. fxg6
Rxg6 22. Rf5 Rh7 23. Bf1 Rg8 24. Be2 Rgh8 25. Raf1 Ba6 26. R1f2 Nb7 27. Rf1 Nd6
28. R5f2 Rg8 29. Rg1 Bb7 30. Bf3 Bc6 31. Rff1 Kd8 32. Kh3 Ke7 33. g4 hxg4+ 34.
Rxg4 Rgh8 35. Rfg1 Kf7 36. Bf2 Nf8 37. Kh2 Ne6 38. Kg2 Bd7 39. Bg3 Nd8 40. Kf2
N8b7 41. Ke2 Na5 42. Bf2 Bxg4 43. Bxg4 Rxh4 44. Bxh4 Rxh4 45. Kd3 Rh8 46. Rg3
Rd8 47. Kc2 Naxc4 48. Nxc4 Nxc4 49. Rd3 Rxd3 50. Kxd3 Nd6 51. a4 Kg6 52. Bd7 f5
53. exf5+ Kf6 54. Ke3 Nxf5+ 55. Ke4 Nd6+ 56. Kd5 Nb7 57. Kc6 Na5+ 58. Kb5 Ke7
59. Bf5 Kd6 60. Ka6 c4 61. Kxa7 Kc5 62. Kb8 Nb3 0-1

[Event "Tradewise Gibraltar Masters 14th"]
[Site "Gibraltar"]
[Date "2016.01.30"]
[Round "5.102"]
[White "Odeh, Kenneth"]
[Black "Campbell, Charles"]
[Result "1-0"]
[WhiteElo "2014"]
[BlackElo "2157"]
[PlyCount "63"]
[EventDate "2016.01.26"]
[EventType "swiss"]
[EventRounds "10"]
[EventCountry "GGB"]
[Source "www.saund.co.uk"]
[SourceDate "2005.02.07"]

1. e4 c6 2. d4 d5 3. Nc3 dxe4 4. Nxe4 Bf5 5. Ng3 Bg6 6. f4 e6 7. Nf3 Bd6 8. Bc4
Ne7 9. O-O O-O 10. Nh4 Nd7 11. Nxg6 hxg6 12. Ne4 Bc7 13. Ng5 Nb6 14. Bb3 Nf5
15. c3 Nd5 16. Qf3 Bb6 17. Kh1 Re8 18. g4 Nh6 19. Bd2 c5 20. f5 gxf5 21. gxf5
exf5 22. Bxd5 g6 23. c4 cxd4 24. Qh3 Kg7 25. Ne6+ fxe6 26. Qxh6+ Kf7 27. Qh7+
Kf6 28. Qh4+ Kg7 29. Bg5 Rh8 30. Bxd8 Raxd8 31. Qe7+ Kh6 32. Rg1 1-0

[Event "Tradewise Gibraltar Masters 14th"]
[Site "Gibraltar"]
[Date "2016.01.30"]
[Round "5.103"]
[White "Eagleton, Greg T"]
[Black "Dougherty, Michael"]
[Result "0-1"]
[WhiteElo "1981"]
[BlackElo "2149"]
[PlyCount "68"]
[EventDate "2016.01.26"]
[EventType "swiss"]
[EventRounds "10"]
[EventCountry "GGB"]
[Source "www.saund.co.uk"]
[SourceDate "2005.02.07"]

1. d4 Nf6 2. Nf3 e6 3. c4 c5 4. e3 d5 5. Nc3 Nc6 6. cxd5 exd5 7. Be2 Be7 8. O-O
O-O 9. dxc5 Bxc5 10. a3 a5 11. b3 Bg4 12. Bb2 Re8 13. Nd4 Nxd4 14. Bxg4 Nxb3
15. Qxb3 Nxg4 16. Nxd5 Qd6 17. g3 Qh6 18. h4 Bd6 19. Qc4 Ne5 20. Bxe5 Bxe5 21.
Rab1 Rab8 22. Rfc1 Qe6 23. Rb6 Bd6 24. Qb5 Rbc8 25. Rd1 Qg4 26. Qd3 Bxa3 27.
Ra1 Bf8 28. Rxb7 a4 29. Qb5 a3 30. Nb4 h6 31. Nc6 Rxe3 32. Qd5 Qf3 33. Qd7 Rxc6
34. fxe3 Rg6 0-1

[Event "Tradewise Gibraltar Masters 14th"]
[Site "Gibraltar"]
[Date "2016.01.30"]
[Round "5.104"]
[White "George, Lolomari Erekosima"]
[Black "Lobersli, Henrik Oie"]
[Result "0-1"]
[WhiteElo "1937"]
[BlackElo "2146"]
[PlyCount "76"]
[EventDate "2016.01.26"]
[EventType "swiss"]
[EventRounds "10"]
[EventCountry "GGB"]
[Source "www.saund.co.uk"]
[SourceDate "2005.02.07"]

1. Nf3 Nf6 2. c4 c5 3. g3 b6 4. Bg2 Bb7 5. O-O e6 6. b3 Be7 7. Bb2 O-O 8. e3 d5
9. Qe2 dxc4 10. bxc4 Nc6 11. Rd1 Rc8 12. Nc3 Na5 13. Rac1 Ne8 14. d3 Qc7 15.
Ne1 Bxg2 16. Nxg2 Bf6 17. f4 Nc6 18. g4 Qe7 19. g5 Bxc3 20. Bxc3 e5 21. Qg4 f5
22. Qg3 e4 23. dxe4 Qxe4 24. Ne1 Qe6 25. h4 Nd6 26. Rxd6 Qxd6 27. h5 Qe6 28. h6
Rfe8 29. Ng2 gxh6 30. gxh6+ Qg6 31. Qxg6+ hxg6 32. Kf2 Rcd8 33. Rh1 Kh7 34. Ne1
Rd1 35. Ke2 Rd7 36. Nf3 Nd4+ 37. Bxd4 cxd4 38. Ng5+ Kh8 0-1

[Event "Tradewise Gibraltar Masters 14th"]
[Site "Gibraltar"]
[Date "2016.01.30"]
[Round "5.105"]
[White "Seyfried, Claus"]
[Black "Moradi, Kimia"]
[Result "1-0"]
[WhiteElo "2137"]
[BlackElo "2024"]
[PlyCount "73"]
[EventDate "2016.01.26"]
[EventType "swiss"]
[EventRounds "10"]
[EventCountry "GGB"]
[Source "www.saund.co.uk"]
[SourceDate "2005.02.07"]

1. e4 e5 2. Nf3 Nc6 3. d4 exd4 4. Nxd4 Nf6 5. Nc3 Bb4 6. Nxc6 bxc6 7. Bd3 d5 8.
exd5 O-O 9. O-O cxd5 10. h3 c6 11. Qf3 Re8 12. Ne2 Ne4 13. c3 Bf8 14. Be3 Bb7
15. c4 c5 16. cxd5 Bxd5 17. Nf4 Bc6 18. Rfd1 Qc7 19. Qe2 g6 20. Bc4 Bg7 21. Bd5
Rab8 22. Rab1 Ba4 23. Rdc1 Rbc8 24. Qc4 Bc6 25. b4 Qe5 26. Bxf7+ Kh8 27. Bxe8
Bxe8 28. bxc5 Nc3 29. Rb2 Nd5 30. Re2 Nc3 31. Ree1 Bb5 32. Qb4 a5 33. Qxa5 Bc6
34. Bd2 Qg5 35. Rxc3 Bxc3 36. Qxc3+ Kg8 37. Qc4+ 1-0

[Event "Tradewise Gibraltar Masters 14th"]
[Site "Gibraltar"]
[Date "2016.01.30"]
[Round "5.106"]
[White "Kalthoff, Peter"]
[Black "Burke, Mitchell R"]
[Result "1/2-1/2"]
[WhiteElo "2132"]
[BlackElo "2002"]
[PlyCount "72"]
[EventDate "2016.01.26"]
[EventType "swiss"]
[EventRounds "10"]
[EventCountry "GGB"]
[Source "www.saund.co.uk"]
[SourceDate "2005.02.07"]

1. d4 g6 2. Bg5 Bg7 3. Nc3 d6 4. e4 Nd7 5. Qd2 a6 6. Nf3 c5 7. a4 cxd4 8. Nxd4
Ngf6 9. Be2 O-O 10. Bh6 Bxh6 11. Qxh6 Qb6 12. O-O-O Nc5 13. h4 Ncxe4 14. Nxe4
Nxe4 15. h5 g5 16. f3 Nf6 17. f4 g4 18. f5 Bd7 19. Rh4 Kh8 20. Bxg4 Rg8 21. Bf3
d5 22. Re1 Qd6 23. Qe3 Rae8 24. Ne2 Bxf5 25. Rg1 Bg4 26. Bxg4 Rxg4 27. Rxg4
Nxg4 28. Qd4+ Nf6 29. g4 e5 30. Qd3 e4 31. Qc3 Qe5 32. Nd4 Qf4+ 33. Kb1 Kg8 34.
Nf5 Qe5 35. Qe3 Kh8 36. Nh6 Re7 1/2-1/2